| 000 | 00538cam a2200217 4500 | ||
|---|---|---|---|
| 001 | M884 | ||
| 008 | 090401t1976 xxu||||| |||| 00| 0 eng d | ||
| 035 | _a(Sirsi) u6136 | ||
| 041 | _aeng | ||
| 050 | _a690.026 | ||
| 245 | _aBuilding law reports. - Volume 2. | ||
| 260 |
_aLondon _bGeorge Godwin _c1976 |
||
| 300 | _ax,124p. ; 23cm. | ||
| 350 | _a0 | ||
| 650 | _aBUILDING INDUSTRY | ||
| 650 | _aLAW REPORTS | ||
| 690 | _aBUILDING AND CONSTRUCTION-CASE LAW | ||
| 700 |
_aParris, John _xEditor |
||
| 942 | _n0 | ||
| 948 | _c04/03/1997 | ||
| 999 |
_c86247 _d86247 |
||